| 000 | 00579nam a22002057a 4500 | ||
|---|---|---|---|
| 005 | 20251108171933.0 | ||
| 008 | 250721s1983 xx 000 0 ara d | ||
| 082 | 1 | 4 | _a216.7/حسن |
| 100 | 1 | _aأيوب، حسن | |
| 245 | 1 | 0 | _aالجهاد و الفدائية في الإسلام / |
| 250 | _aط2 . ، مزيدة و منقحة | ||
| 264 | 1 |
_aبيروت : _bدار الندوة الجديدة، _c1983. |
|
| 300 | _a248ص | ||
| 650 | 1 | 7 | _aالإسلام |
| 650 | 1 | 7 | _aالفقه |
| 650 | 1 | 7 | _aالسير |
| 650 | 1 | 7 | _aالجهاد |
| 942 |
_2ddc _cBK |
||
| 999 |
_c66376 _d66376 |
||